00347nam a22001097a 4500008004100000020001500041050002700056100001900083245008200102260004300184300001000227190531b xxu||||| |||| 00| 0 eng d a9966083146 aHN49b.C6M845 2008 c.1 aMulwa, Francis aParticipatory Monitoring and Evaluation of Community Projects cFrancis Mulwa aNairobibpaulines Publications c2008  a296p.